Những lỗi thường gặp trong ký kết hợp đồng dân sự, kinh tế, ngoại thương /
Cuốn sách này rất có ích cho những ai quan tâm và tìm hiểu về cách thức soạn thảo trọn vẹn một hợp đồng.
Đã lưu trong:
| Tác giả chính: | |
|---|---|
| Tác giả khác: | |
| Định dạng: | Sách |
| Ngôn ngữ: | Vietnamese |
| Được phát hành: |
Hà Nội :
Thống kê,
1999.
|
| Những chủ đề: | |
| Các nhãn: |
Thêm thẻ
Không có thẻ, Là người đầu tiên thẻ bản ghi này!
|
| Thư viện lưu trữ: | Mạng thư viện Đại học Đà Nẵng |
|---|
| LEADER | 01117cam a2200361 i 4500 | ||
|---|---|---|---|
| 001 | 000042255 | ||
| 003 | 128 | ||
| 005 | 20041001102805.0 | ||
| 008 | 010217b1999 vm 000 vie | ||
| 020 | |c 54000 | ||
| 022 | |a T | ||
| 040 | |a IRC |c IRC |d IRC | ||
| 041 | 0 | |a vie | |
| 082 | 1 | 4 | |a 330.04 |b NG-T |
| 100 | 1 | |a Nguyễn Thu Thảo. | |
| 245 | 1 | 6 | |a Những lỗi thường gặp trong ký kết hợp đồng dân sự, kinh tế, ngoại thương / |c Nguyễn Thu Thảo, Lê Nguyễn Thành Nam. |
| 260 | |a Hà Nội : |b Thống kê, |c 1999. | ||
| 300 | |a 659 tr. ; |c 20.5 cm. | ||
| 520 | 3 | |a Cuốn sách này rất có ích cho những ai quan tâm và tìm hiểu về cách thức soạn thảo trọn vẹn một hợp đồng. | |
| 630 | 0 | 4 | |a Kinh tế. |
| 630 | 0 | 4 | |a Ngoại thương. |
| 650 | 0 | 4 | |a Hợp đồng kinh tế. |
| 700 | 1 | |a Lê Nguyễn Thành Nam. | |
| OWN | |a DUT | ||
| 999 | |a From the UDN01 | ||
| TYP | |a Monograph | ||
| TYP | |a Printed language | ||
| 980 | |a Mạng thư viện Đại học Đà Nẵng | ||